La Slovaquie pour les touristes... - Facile - Statistiques

Statistiques générales
  • Ce quiz a été pris 9 fois
  • Le résultat moyen est 15 sur 20
Statistiques - réponses
Question Indice Réponses Indice facile % Correct
La vitesse sur autoroute est limitée à {130} km/h
100%
Quelles autres langues sont répandues ? A Allemand A
100%
Quelles sont les principales villes touristiques ? B Bratislava
100%
La conduite se fait à droite ou à gauche ? Droite
100%
Quelle est la monnaie ? Euro
100%
Quelles autres langues sont répandues ? H Hongrois H
100%
Dans la capitale y-a-t-il un décalage horaire avec Paris ? (oui/non) Non
100%
Quelle est la langue officielle ? Slovaque
100%
Le taux d'alcoolémie toléré au volant est de {0} g/l
86%
Achats à faire 2/ Objets sculptés en... Bois SIOB
86%
Achats à faire 1/ Boisson pétillante alcoolisée Bière BRIEE
71%
La religion majoritaire est Catholicisme C
71%
Achats à faire 3/ Pour les pieds Chaussettes SCHATTEUSES
71%
Le suffixe internet est sk
71%
Quelles autres langues sont répandues ? A Anglais A
57%
Quelles sont les principales villes touristiques ? K Kosice COKESI
57%
Quel parc national peut-on visiter ? T Tatras TATARS
57%
Quelles sont les principales villes touristiques ? B Bardejov JOBARDEV
29%
Quelles autres langues sont répandues ? F Tchèque T
29%
Quelles sont les principales villes touristiques ? L Levoca ALCOVE
14%
Aucun quiz correspondant
Distribution des résultats
% des personnes avec chaque résultat
Percentile par nombre de réponses
Votre historique - résultats
Vous n’avez pas pris ce quiz